000
00307nam a22001337a 4500
008
170407b xxu||||| |||| 00| 0 eng d
020
_a
072169053X
041
_a
eng
080
_a
616
100
_a
9
101
_a
SHM
245
_a
DIFFERENTIAL DIAGNOSIS IN SURGICAL PATHOLOGY
_c
GATTUSO
942
_2
udc
_c
BK
999
_c
10257
_d
10257